Estado e economia em vinte anos de mudança : (Record no. 1107)

MARC details
000 -LÍDER
Campo Fixo de Controle 01073nam a2200277 a 4500
001 - NÚMERO DE CONTROLE
Campo de Controle 1107
003 - IDENTIFICAÇÃO DO NÚMERO DE CONTROLE
Campo de Controle BR-CuiBMT
005 - DATA E HORA DA ÚLTIMA ATUALIZAÇÃO
Campo de Controle 20231130010047.0
008 - DADOS FIXOS
Dados Fixos 231128s2008 dfba 000 0 por d
020 ## - INTERNATIONAL STANDARD BOOK NUMBER
Nº do ISBN 9788587499035
040 ## - AGÊNCIA CATALOGADORA
Código da Agência Catalogadora BR-CuiBMT
Agência que transcreveu o registro BR-CuiBMT
080 ## - Nº DA CLASSIFICAÇÃO DECIMAL UNIVERSAL
Nº edição CDU 2007
Nº Class. CDU 342
090 ## - NÚMERO DE CHAMADA
Nº classificação 342
Cutter S474e
110 1# - ENTRADA PRINCIPAL -- ENTIDADE
Nome da entidade ou lugar Senado Federal.
Unidade subordinada Instituto Legislativo Brasileiro.
245 10 - TÍTULO PRINCIPAL
Título principal Estado e economia em vinte anos de mudança :
Subtítulo sistema tributário e ordem econômica /
Indicação de responsabilidade [organizadores: Bruno Dantas ... et al.].
260 ## - PUBLICAÇÃO, DISTRIBUIÇÃO, ETC.
Local de publicação Brasília :
Editora Senado Federal :
-- Instituto Legislativo Brasileiro,
Data 2008.
300 ## - DESCRIÇÃO FÍSICA
N. páginas ou volumes 862 p. :
Ilustrações il. ;
Dimensões 23 cm
490 1# - INDICAÇÃO DE SÉRIE
Título da série Constituição de 1988 : o Brasil 20 anos depois ;
Volume/designação sequencial da série v. 4
504 ## - NOTA DE BIBLIOGRAFIA, ETC.
Nota de bibliografia Inclui bibliografia.
650 ## - ASSUNTO TÓPICO
Cabeçalho tópico ou nome geográfico Constituição federal
Subdivisão geral Aspectos tributários
Subdivisão geográfica Brasil
650 ## - ASSUNTO TÓPICO
Cabeçalho tópico ou nome geográfico Constituição federal
Subdivisão geral Aspectos econômicos
Subdivisão geográfica Brasil
650 ## - ASSUNTO TÓPICO
Cabeçalho tópico ou nome geográfico Direito constitucional
Subdivisão geográfica Brasil
700 1# - ENTRADA SECUNDÁRIA -- NOME PESSOAL
Nome pessoal Dantas, Bruno
Termo de relação et al.
-- organizadores
830 #0 - ENTRADA SECUNDÁRIA DE SÉRIE -- TÍTULO UNIFORME
Título uniforme Constituição de 1988 : o Brasil 20 depois ;
Nº do volume/designação sequencial da série 4
942 ## - ELEMENTOS DE ENTRADA ADICIONAIS (KOHA)
Fonte de classificação ou esquema de arquivamento Classificação Decimal Universal
Tipo de item do Koha Livros
Holdings
Estado: removido Estado: perdido Fonte de classificação ou esquema de arquivamento Estado: danificado Indisponível para empréstimo Localização permanente Localização atual Data de aquisição Total Checkouts Número de Chamada completo Código de barras Date last seen Date last checked out Número do exemplar Preço efetivo a partir de Tipo de item (Koha)
    Classificação Decimal Universal     Biblioteca da Escola Superior de Contas do TCE/MT Biblioteca da Escola Superior de Contas do TCE/MT 22/02/2010 1 342 S474e BIBTCEMT23111273 18/03/2024 18/03/2024 Ex. 1 28/11/2023 Livros

Powered by Koha